Loading...
| Mythology | 0 | 9 | 1 | 1 | 85 | 33 | 60.89 | 1 | 8 | 45.65 | 59.02 |
| Philosophy | 0 | 5 | 0 | 0 | 50 | 71 | 98.80 | 0 | 3 | 8.24 | 31.94 |
| Literature - European | 0 | 2 | 0 | 1 | 20 | 63 | 105.50 | 0 | 0 | 4.55 | 6.82 |
| Literature - World/Other | 0 | 2 | 0 | 0 | 20 | 100 | 108.00 | 0 | 1 | 4.66 | 11.36 |
| History - Other | 0 | 2 | 0 | 1 | 20 | 51 | 76.50 | 0 | 1 | 7.02 | 12.50 |
| History - American | 0 | 2 | 1 | 0 | 15 | 60 | 65.50 | 1 | 2 | 8.40 | 14.77 |
| Fine Arts - Other | 0 | 1 | 0 | 1 | 10 | 126 | 126.00 | 0 | 0 | -0.15 | 1.14 |
| History - European | 0 | 1 | 0 | 1 | 10 | 140 | 140.00 | 0 | 0 | 0.00 | 1.14 |
| Literature - American | 0 | 1 | 0 | 0 | 10 | 90 | 90.00 | 0 | 1 | 3.56 | 7.95 |
| Literature - British | 0 | 1 | 0 | 0 | 10 | 47 | 47.00 | 0 | 1 | 6.06 | 7.95 |
| Science - Biology | 0 | 1 | 0 | 0 | 10 | 89 | 89.00 | 0 | 1 | 2.62 | 3.41 |
| Social Science | 0 | 1 | 1 | 0 | 5 | 70 | 70.00 | 1 | 1 | 3.31 | 9.09 |
| Geography/Current Events | 0 | 0 | 0 | 0 | 0 | 0.00 | 0 | 0 | 0.00 | 0.00 | |
| History - World | 0 | 0 | 1 | 0 | -5 | 0.00 | 0 | 0 | 0.00 | 0.00 |